Statistiques concernant La première fois - La Petite Sirène, 2023 (Paroles)

Cliquez ici pour prendre le quiz!

Statistiques générales

  • Ce quiz a été pris 7 fois
  • Le résultat moyen est 81 sur 214

Statistiques - réponses

Paroles% Correct
le
100%
me
100%
Je
80%
je
80%
la
80%
80%
de
60%
fois
60%
première
60%
sous
60%
te
60%
tu
60%
adieu
40%
Ariel
40%
Bonjour
40%
bout
40%
brûle
40%
ce
40%
ciel
40%
dans
40%
Dans
40%
d'en
40%
des
40%
doigts
40%
en
40%
et
40%
fait
40%
feu
40%
j'ai
40%
J'ai
40%
l'eau
40%
Les
40%
les
40%
ma
40%
mer
40%
moi
40%
ne
40%
Ne
40%
pas
40%
pièce
40%
prince
40%
que
40%
qui
40%
rencontrer
40%
rêvé
40%
sable
40%
sel
40%
soleil
40%
suis
40%
terre
40%
tes
40%
vers
40%
vie
40%
Viens
40%
admirez
20%
allez
20%
aujourd'hui
20%
aventure
20%
beau
20%
belle
20%
bras
20%
ça
20%
caresse
20%
c'est
20%
C'est
20%
chaud
20%
chauffe
20%
chaussures
20%
choisi
20%
choix
20%
coeur
20%
comme
20%
corset
20%
coutures
20%
crépuscule
20%
désenchantement
20%
d'être
20%
dira
20%
dont
20%
douloureux
20%
du
20%
éclaire
20%
enfin
20%
étant
20%
faisant
20%
femmes
20%
froid
20%
haut
20%
Heureuse
20%
Ici
20%
il
20%
Il
20%
lever
20%
lève-toi
20%
libre
20%
l'oublie
20%
mais
20%
Mais
20%
maladroite
20%
marche
20%
m'empêcher
20%
m'habituerai
20%
mon
20%
monde
20%
ont
20%
opté
20%
paies
20%
peur
20%
peux
20%
pire
20%
poisson
20%
Pour
20%
pour
20%
près
20%
prix
20%
proie
20%
Quand
20%
Quel
20%
quoi
20%
qu'un
20%
qu'une
20%
Réalise
20%
Regardez-moi
20%
sacrifice
20%
sais
20%
sans
20%
Serrez
20%
sorti
20%
suis-je
20%
sur
20%
t'ennuyais
20%
toi
20%
tomber
20%
touche
20%
toute
20%
toutes
20%
trop
20%
un
20%
une
20%
vais
20%
veux
20%
Voici
20%
voix
20%
ah
0%

Distribution des résultats

Percentile par nombre de réponses

% des personnes avec chaque résultat

Votre développement - résultats

Vous n’avez pas pris ce quiz